000 00222nam a2200085Ia 4500
245 0 _aA woman's life
100 _a BILLINGTON, Rachel London, 2003
_9100896
942 _cBK
008 210818s9999 xx 000 0 und d
999 _c434767
_d434765